000 00638nam a2200193 i 4500
001 40856
003 ES-MaACL
005 20230906160326.0
007 t|
008 030307s1978 sp a |||| | spa d
100 1 _aCapo, Bernat.
_934870
245 1 0 _aEstampas costumbristas de la marina alta alicantina /
_cBernat Capo.
260 _aAlicante :
_bConfederación Española de Cajas de Ahorros,
_c1978.
300 _a116 p. :
_bil. ;
_c22 cm.
651 4 _aAlicante (Provincia)-
_xUsos y costumbres.
_9168803
710 2 _aConfederación Española de Cajas de Ahorros.
_93148
852 _aES-MaACL
_jA-8843
852 _aES-MaACL
_jA-9058
999 _c40856
_d40856